000
00307nam a22001337a 4500
003
SGT
020
_a
9789349202979
082
_a
370,YAD
100
_a
YADAV,PRIYANKA
245
_a
EQUITABLE AND INCLUSIVE EDUCATION
260
_a
NEW DELHI
_b
VR BOOK INTERNATIONAL
_c
2025
300
_a
107
942
_2
ddc
_c
BK
999
_c
30669
_d
30669